• 首页
  • 本馆介绍
  • 公告通知
  • 最新文献
  • 馆藏检索
  • 电子资源
  • 读者导购
  • 参考咨询
  • 我的图书馆
  • 登录
  • 详细信息显示
  • 放入我的书架
  • 预约/预借图书
  • 作者相关作品
  • 分类相关作品
  • 丛书相关作品
  • 出版社相关作品

书目信息

  • 表格格式
  • 工作单格式
  • 卡片格式
题名:
中华上下五千年
    
 
作者: 冯慧娟 编
分册:   隋唐
出版信息: 长春   吉林出版集团有限责任公司  2015.1
页数: 157页
开本: 22cm
丛书名: 全民阅读·经典小丛书
单 册:
中图分类: K209 , K241.09
科图分类:
主题词: 中国历史--Zhong Guo Li Shi--通俗读物 , 隋唐时代--Sui Tang Shi Dai--古代史--通俗读物
电子资源:
ISBN: 978-7-5534-7584-4
000 01094nam 2200277 450
001 2368428207
005 20231109141616.39
010    @a978-7-5534-7584-4@dCNY32.00
100    @a20160607d2015 em y0chiy50 ea
101 0  @achi
102    @aCN@b220000
105    @aac z 000yy
200 1  @a中华上下五千年@AZhong Hua Shang Xia Wu Qian Nian@i隋唐@f冯慧娟编
210    @a长春@c吉林出版集团有限责任公司@d2015.1
215    @a157页@c图@d22cm
225 2  @a全民阅读·经典小丛书@AQuan Min Yue Du·Jing Dian Xiao Cong Shu@v045
330    @a本书分为隋朝、隋朝文化、唐朝和唐朝文化四部分,主要内容包括杨建黄袍加身;孤独皇后妒贤并称;科举制的建立;隋初名将良臣;隋末风云;多姿多彩的隋朝文化;李渊长安称帝;秦王李世民等。
333    @a历史爱好者
410  0 @12001 @a全民阅读·经典小丛书@AQuan Min Yue Du·Jing Dian Xiao Cong Shu@v045
606 0  @a中国历史@AZhong Guo Li Shi@j通俗读物
606 0  @a隋唐时代@ASui Tang Shi Dai@x古代史@j通俗读物
690    @aK209@v5
690    @aK241.09@v5
701  0 @a冯慧娟@AFeng Hui Juan@4编
801  0 @aCN@b山东中教@c20230926
905    @aBZT@dK209@e72:1
    
    中华上下五千年.隋唐/冯慧娟编.-长春:吉林出版集团有限责任公司,2015.1
    157页:图;22cm.-(全民阅读·经典小丛书;045)
    使用对象:历史爱好者
    
    ISBN 978-7-5534-7584-4:CNY32.00
    本书分为隋朝、隋朝文化、唐朝和唐朝文化四部分,主要内容包括杨建黄袍加身;孤独皇后妒贤并称;科举制的建立;隋初名将良臣;隋末风云;多姿多彩的隋朝文化;李渊长安称帝;秦王李世民等。
●
相关链接 在五车中查询图书 在当当中查询图书 在豆瓣中查询图书


正题名:中华上下五千年     索取号:K209/72:1         预约/预借

序号 登录号 条形码 馆藏地/架位号 状态 备注
1 2000958083   2000958083   第四书库/四34架B面3层6列/ [索取号:K209/72:1] 在馆    
2 2000958084   2000958084   培训中心一楼图书角/四34架B面3层6列/ [索取号:K209/72:1] 在馆    
3 2000958085   2000958085   培训中心一楼图书角/四34架B面3层6列/ [索取号:K209/72:1] 在馆    
4 2000958086   2000958086   培训中心一楼图书角/四34架B面3层6列/ [索取号:K209/72:1] 在馆    
5 2000958087   2000958087   第四书库/四34架B面3层6列/ [索取号:K209/72:1] 在馆    
6 2000958088   2000958088   第四书库/四34架B面3层6列/ [索取号:K209/72:1] 在馆    
山东省滨州职业学院图书馆 欢迎您!
大连网信软件有限公司© 版权所有